Southville International School and Colleges
Your cart is empty.
  • Cart
  • Lists
    Public lists Eva Luna New books Lux_list list_1
    Your lists Log in to create your own lists
  • Log in to your account
  • Your cookies
  • Search history
Southville International School and Colleges
  • Advanced search
  • Recent comments
  • Most popular
  • Libraries

Log in to your account

Log in with GOOGLE


If you do not have an external account, but do have a local account, you can still log in:

  1. Home
  2. MARC view: Sew fun :
Normal view MARC view ISBD view

Sew fun : (Record no. 306678)

[ view plain ]
MARC details
000 -LEADER
fixed length control field 00973cam a2200289 i 4500
001 - CONTROL NUMBER
control field 17578331
003 - CONTROL NUMBER IDENTIFIER
control field LC
005 - DATE AND TIME OF LATEST TRANSACTION
control field 20170206171615.0
008 - FIXED-LENGTH DATA ELEMENTS--GENERAL INFORMATION
fixed length control field 130103s2013 coua 001 0 eng
010 ## - LIBRARY OF CONGRESS CONTROL NUMBER
LC control number 2012048058
020 ## - INTERNATIONAL STANDARD BOOK NUMBER
International Standard Book Number 9781596687608
040 ## - CATALOGING SOURCE
Original cataloging agency DLC
Language of cataloging eng
Description conventions rda
Transcribing agency DLC
Modifying agency DLC
042 ## - AUTHENTICATION CODE
Authentication code pcc
050 00 - LIBRARY OF CONGRESS CALL NUMBER
Classification number TT 705
Item number .F475 2013
082 00 - DEWEY DECIMAL CLASSIFICATION NUMBER
Classification number 646.2
100 1# - MAIN ENTRY--PERSONAL NAME
Personal name Fisher, Deborah,
Dates associated with a name 1970-
245 10 - TITLE STATEMENT
Title Sew fun :
Remainder of title 20 projects for the whole family /
Statement of responsibility, etc Deborah Fisher.
260 ## - PUBLICATION, DISTRIBUTION, ETC. (IMPRINT)
Place of publication, distribution, etc Loveland, CO :
Name of publisher, distributor, etc Interweave,
Date of publication, distribution, etc c2013
300 ## - PHYSICAL DESCRIPTION
Extent 159 pages :
Other physical details illustrations ;
Dimensions 26 cm
Accompanying material with two folded sheets of patterns in pocket.
500 ## - GENERAL NOTE
General note Includes index.
500 ## - GENERAL NOTE
General note Two folded sheets of patterns in pocket.
650 #0 - SUBJECT ADDED ENTRY--TOPICAL TERM
Topical term or geographic name as entry element Sewing.
650 #0 - SUBJECT ADDED ENTRY--TOPICAL TERM
Topical term or geographic name as entry element Handicraft for children.
906 ## - LOCAL DATA ELEMENT F, LDF (RLIN)
a 7
b cbc
c orignew
d 1
e ecip
f 20
g y-gencatlg
942 ## - ADDED ENTRY ELEMENTS (KOHA)
Source of classification or shelving scheme Library of Congress Classification
Koha item type Books
Holdings
Withdrawn status Lost status Source of classification or shelving scheme Damaged status Home library Current library Shelving location Date acquired Source of acquisition Sub Shelving location Total Checkouts Full call number Barcode Date last seen Price effective from Koha item type
    Library of Congress Classification   Luxembourg Library Luxembourg Library Teachers Reference Section 02/06/2017 Library Fund     TT 705 .F475 2013 20384 02/06/2017 02/06/2017 Books

Sew fun :

APA

Fisher D., . (2013). Sew fun. Loveland, CO: Interweave.

Chicago

Fisher Deborah, . 2013. Sew fun. Loveland, CO: Interweave.

Harvard

Fisher D., . (2013). Sew fun. Loveland, CO: Interweave.

MLA

Fisher Deborah, . Sew fun. Loveland, CO: Interweave. 2013.

  • Place hold
  • Print
  • Cite
  • Add to your cart (remove)
  • Save record
    BIBTEX Dublin Core MARCXML MARC (non-Unicode/MARC-8) MARC (Unicode/UTF-8) MARC (Unicode/UTF-8, Standard) MODS (XML) RIS
  • More searches
    Search for this title in:
    Other Libraries (WorldCat) Other Databases (Google Scholar) Online Stores (Bookfinder.com) Open Library (openlibrary.org)

Exporting to Dublin Core...

SOUTHVILLE LIBRARY

Southville International School and Colleges Library

1281 Tropical Ave. Cor. Luxembourg St., BF Homes International, Las Pinas City

Tel. No. 8256374 / 252358 Loc. 117/146

Powered by Koha